| 000 | 00586nam a2200181Ia 4500 | ||
|---|---|---|---|
| 003 | GCL | ||
| 008 | 140319s9999 xx 000 0 ara d | ||
| 040 |
_aGCL / _cGCL |
||
| 082 | 0 | 4 |
_a135.030 _bو ع |
| 100 | 1 | _aوفاء حمود | |
| 245 | 1 | 0 |
_aعالم الاحلام قاموس حديث عربى انجليزى فرنسى / _cوفاء حمود |
| 260 | _aدار الراتب الجامعية | ||
| 300 | _a445 ص | ||
| 490 |
_aحقائق واكاذيب فى حياة المرأة المسلمة _v0 |
||
| 650 | 0 | 4 | _aالاحلام |
| 650 | 0 | 4 | _aالقواميس |
| 942 |
_2ddc _cREF |
||
| 999 |
_c59751 _d59751 |
||